Southville International School and Colleges
Your cart is empty.
  • Cart
  • Lists
    Public lists Eva Luna New books Lux_list list_1
    Your lists Log in to create your own lists
  • Log in to your account
  • Your cookies
  • Search history
Southville International School and Colleges
  • Advanced search
  • Recent comments
  • Most popular
  • Libraries

Log in to your account

Log in with GOOGLE


If you do not have an external account, but do have a local account, you can still log in:

  1. Home
  2. MARC view: Winning in high-tech Markets :
Normal view MARC view ISBD view

Winning in high-tech Markets : (Record no. 14570)

[ view plain ]
MARC details
000 -LEADER
fixed length control field 00959pam a2200265 a 4500
001 - CONTROL NUMBER
control field 4868518
003 - CONTROL NUMBER IDENTIFIER
control field PILC
005 - DATE AND TIME OF LATEST TRANSACTION
control field 20150112093436.0
008 - FIXED-LENGTH DATA ELEMENTS--GENERAL INFORMATION
fixed length control field 920423s1993 maua b 001 0 eng
010 ## - LIBRARY OF CONGRESS CONTROL NUMBER
LC control number 92015842
020 ## - INTERNATIONAL STANDARD BOOK NUMBER
International Standard Book Number 0875843255
040 ## - CATALOGING SOURCE
Original cataloging agency DLC
Transcribing agency DLC
Modifying agency DLC
043 ## - GEOGRAPHIC AREA CODE
Geographic area code n-us---
050 00 - LIBRARY OF CONGRESS CALL NUMBER
Classification number HC 110.H53
Item number .M67 1993
082 00 - DEWEY DECIMAL CLASSIFICATION NUMBER
Classification number MkSF 658.812
Item number M82 1993
100 1# - MAIN ENTRY--PERSONAL NAME
Personal name Morone, Joseph G.
9 (RLIN) 16151
245 10 - TITLE STATEMENT
Title Winning in high-tech Markets :
Remainder of title The role of general management /
Statement of responsibility, etc Joseph Morone.
260 ## - PUBLICATION, DISTRIBUTION, ETC. (IMPRINT)
Place of publication, distribution, etc Boston, Mass. :
Name of publisher, distributor, etc Harvard Business School Press,
Date of publication, distribution, etc 1993.
300 ## - PHYSICAL DESCRIPTION
Extent 292 pages :
Other physical details illustration ;
Dimensions 24 cm.
504 ## - BIBLIOGRAPHY, ETC. NOTE
Bibliography, etc Includes bibliographical references and index.
650 #0 - SUBJECT ADDED ENTRY--TOPICAL TERM
Topical term or geographic name as entry element High technology industries
Geographic subdivision United States
General subdivision Management.
9 (RLIN) 16152
906 ## - LOCAL DATA ELEMENT F, LDF (RLIN)
a 7
b cbc
c orignew
d 1
e ocip
f 19
g y-gencatlg
942 ## - ADDED ENTRY ELEMENTS (KOHA)
Source of classification or shelving scheme Library of Congress Classification
Koha item type Books
Holdings
Withdrawn status Lost status Source of classification or shelving scheme Damaged status Home library Current library Shelving location Date acquired Total Checkouts Full call number Barcode Date last seen Copy number Price effective from Koha item type
    Library of Congress Classification   Southville International School Affiliated with Foreign Universities Library Southville International School Affiliated with Foreign Universities Library Southville Foreign University Section 09/02/2013   HC 110.H53 .M67 1993 SFU0862 05/15/2018 1 09/02/2013 Books

Winning in high-tech Markets :

APA

Morone J. G., . (1993). Winning in high-tech Markets. Boston, Mass: Harvard Business School Press.

Chicago

Morone Joseph G, . 1993. Winning in high-tech Markets. Boston, Mass: Harvard Business School Press.

Harvard

Morone J. G., . (1993). Winning in high-tech Markets. Boston, Mass: Harvard Business School Press.

MLA

Morone Joseph G, . Winning in high-tech Markets. Boston, Mass: Harvard Business School Press. 1993.

  • Place hold
  • Print
  • Cite
  • Add to your cart (remove)
  • Save record
    BIBTEX Dublin Core MARCXML MARC (non-Unicode/MARC-8) MARC (Unicode/UTF-8) MARC (Unicode/UTF-8, Standard) MODS (XML) RIS
  • More searches
    Search for this title in:
    Other Libraries (WorldCat) Other Databases (Google Scholar) Online Stores (Bookfinder.com) Open Library (openlibrary.org)

Exporting to Dublin Core...

SOUTHVILLE LIBRARY

Southville International School and Colleges Library

1281 Tropical Ave. Cor. Luxembourg St., BF Homes International, Las Pinas City

Tel. No. 8256374 / 252358 Loc. 117/146

Powered by Koha